000 01119nam a2200241 a 4500
001 47787
003 BD-RjUL
005 20211209054408.0
008 160810s1996 bg a|||| |||| 001 0 ben d
020 _a9845160239
_c: Tk. 115.00
035 _a(BD-RjUL)47906
040 _aBD-RjUL
_bben
_cBD-RjUL
041 _aben
082 _a720.954
_bRAS 1996
100 _aরহমান, মুহাম্মদ মোখলেছুর
_9145105
245 1 0 _aসুলতানী আমলে মুসলিম স্থাপত্যের বিকাশ = Development of muslim architechture during Sultanate period /
_cমুহাম্মদ মোখলেছুর রহমান
260 _aরাজশাহী বিশ্ববিদ্যালয় :
_bরেজিস্টার,
_c১৯৯৬
300 _a[২৪], ৪০৫৮ পৃ. :
_bচিত্র ;
_c১৯ সেমি.
500 _aনির্ঘণ্ট সংযুক্ত
650 _aইসলামী স্থাপত্য
_zভারত
_9145091
650 _a Islamic architecture
_zIndia
_9145092
942 _2ddc
_cBK
999 _c47787
_d47787